50 Biggest Cities in Europe - Statistics

General Stats
  • This quiz has been taken 29 times
  • The average score is 41 of 50
Answer Stats
Rank Answer Country % Correct
17 Barcelona Spain
100%
4 Berlin Germany
100%
9 Bucharest Romania
100%
10 Budapest Hungary
100%
7 Kyïv Ukraine
100%
2 London United Kingdom
100%
5 Madrid Spain
100%
12 Minsk Belarus
100%
1 Moscow Russia
100%
8 Paris France
100%
6 Rome Italy
100%
3 Saint Petersburg Russia
100%
13 Warsaw Poland
100%
14 Belgrade Serbia
97%
25 Birmingham United Kingdom
97%
11 Hamburg Germany
97%
18 Milan Italy
97%
20 Prague Czechia
97%
21 Sofia Bulgaria
97%
15 Vienna Austria
97%
49 Frankfurt am Main Germany
93%
19 Münich Germany
93%
24 Naples Italy
93%
37 Athens Greece
90%
38 Thessaloniki Greece
90%
31 Zagreb Croatia
90%
42 Amsterdam The Netherlands
86%
35 Rīga Latvia
86%
39 Stockholm Sweden
86%
47 Chișinău Moldova
83%
28 Cologne Germany
83%
34 Marseille France
83%
16 Kharkiv Ukraine
79%
27 Odessa Ukraine
79%
40 Kraków Poland
76%
36 Lviv Ukraine
76%
45 Seville Spain
76%
29 Turin Italy
76%
23 Donetsk Ukraine
72%
46 Palermo Italy
72%
41 Valencia Spain
72%
48 Genoa Italy
69%
43 Leeds United Kingdom
66%
33 Łódź Poland
59%
22 Dnipro Ukraine
55%
26 Rostov-on-Don Russia
48%
50 Krasnodar Russia
38%
30 Voronezh Russia
34%
32 Zaporizhzhia Ukraine
21%
44 Kryvyi Rih Ukraine
7%
No matching quizzes found
Score Distribution
Percent of People with Each Score
Percentile by Number Answered
Your Score History
You have not taken this quiz